书目信息 |
| 题名: |
青史留芳的古都古城
|
|
| 作者: | 胡元斌 编著 | |
| 分册: | ||
| 出版信息: | 北京 现代出版社 2018 |
|
| 页数: | 470页 | |
| 开本: | 24cm | |
| 丛书名: | 中华文化大博览丛书 | |
| 单 册: | ||
| 中图分类: | K928.5 | |
| 科图分类: | ||
| 主题词: | 古城--介绍--中国 | |
| 电子资源: | ||
| ISBN: | 978-7-5143-6457-6 | |
| 000 | 00837nam0 2200241 450 | |
| 001 | 012001006370 | |
| 005 | 20131016141148.0 | |
| 010 | @a978-7-5143-6457-6@dCNY128.00 | |
| 100 | @a20180817d2018 em y0chiy50 ea | |
| 101 | 0 | @achi |
| 102 | @aCN@b110000 | |
| 105 | @aa z 000yy | |
| 106 | @ar | |
| 200 | 1 | @a青史留芳的古都古城@9qing shi liu fang de gu du gu cheng@b专著@f胡元斌编著 |
| 210 | @a北京@c现代出版社@d2018 | |
| 215 | @a470页@c彩图@d24cm | |
| 225 | 1 | @a中华文化大博览丛书 |
| 330 | @a本书包括巧夺天工的杰作、承载历史的文化遗迹、人杰地灵的物华天宝、千年奇观的名胜古迹、天地精华的自然美景、淳朴浓郁的民风习俗、独具特色的语言文字、异彩纷呈的文学艺术等。 | |
| 606 | 0 | @a古城@x介绍@y中国 |
| 690 | @aK928.5@v5 | |
| 701 | 0 | @a胡元斌@9hu yuan bin@4编著 |
| 801 | 2 | @aCN@b上海新华@c20191020 |
| 905 | @b1099461-3@dK928.5@e1148@f3 | |
| 青史留芳的古都古城/胡元斌编著.-北京:现代出版社,2018 |
| 470页:彩图;24cm.-(中华文化大博览丛书) |
| ISBN 978-7-5143-6457-6:CNY128.00 |
| 本书包括巧夺天工的杰作、承载历史的文化遗迹、人杰地灵的物华天宝、千年奇观的名胜古迹、天地精华的自然美景、淳朴浓郁的民风习俗、独具特色的语言文字、异彩纷呈的文学艺术等。 |
| ● |
| 相关链接 |
|
|
|
|
正题名:青史留芳的古都古城
索取号:K928.5/1148
 
预约/预借
| 序号 | 登录号 | 条形码 | 馆藏地/架位号 | 状态 | 备注 |
| 1 | 1099461 | 210994619 | 第二样本阅览室/ [索取号:K928.5/1148] | 在馆 | |
| 2 | 1099462 | 210994628 | 第二借阅区/ [索取号:K928.5/1148] | 在馆 | |
| 3 | 1099463 | 210994637 | 第二借阅区/ [索取号:K928.5/1148] | 在馆 |